<?xml version="1.0" encoding="UTF-8"?>
<collection xmlns="http://www.loc.gov/MARC21/slim">
 <record>
  <leader>01053cam a2200313 7i4500</leader>
  <controlfield tag="001">0000148721</controlfield>
  <controlfield tag="005">20200825090000.0</controlfield>
  <controlfield tag="008">200725t20162016nyua   ###   #00001eng##</controlfield>
  <datafield tag="020" ind1="#" ind2="#">
   <subfield code="a">9781634849302 </subfield>
  </datafield>
  <datafield tag="040" ind1="#" ind2="#">
   <subfield code="a">UMT</subfield>
  </datafield>
  <datafield tag="090" ind1="0" ind2="#">
   <subfield code="a">QH 541.5 .O24 </subfield>
   <subfield code="b">M3 2016</subfield>
  </datafield>
  <datafield tag="245" ind1="0" ind2="0">
   <subfield code="a">Marine benthos : </subfield>
   <subfield code="b">biology, ecosystem functions, and environmental impact  </subfield>
   <subfield code="c">Rafael Riosmena-Rodriguez, editor.</subfield>
  </datafield>
  <datafield tag="264" ind1="#" ind2="1">
   <subfield code="a">New York: </subfield>
   <subfield code="b">Nova Science Publishers, Inc., </subfield>
   <subfield code="c">[2016].</subfield>
  </datafield>
  <datafield tag="264" ind1="#" ind2="4">
   <subfield code="c">♭2016.</subfield>
  </datafield>
  <datafield tag="300" ind1="#" ind2="#">
   <subfield code="a">xii, 289 pages: </subfield>
   <subfield code="b">illustrations; </subfield>
   <subfield code="c">26 cm.</subfield>
  </datafield>
  <datafield tag="336" ind1="#" ind2="#">
   <subfield code="a">text</subfield>
   <subfield code="2">rdacontent</subfield>
  </datafield>
  <datafield tag="337" ind1="#" ind2="#">
   <subfield code="a">unmediated</subfield>
   <subfield code="2">rdamedia</subfield>
  </datafield>
  <datafield tag="338" ind1="#" ind2="#">
   <subfield code="a">volume</subfield>
   <subfield code="2">rdacarrier</subfield>
  </datafield>
  <datafield tag="490" ind1="1" ind2="#">
   <subfield code="a">Marine biology</subfield>
  </datafield>
  <datafield tag="504" ind1="#" ind2="#">
   <subfield code="a">Includes bibliographical references and index</subfield>
  </datafield>
  <datafield tag="590" ind1="#" ind2="#">
   <subfield code="a">Fakulti Perikanan dan Sains Makanan</subfield>
  </datafield>
  <datafield tag="650" ind1="0" ind2="0">
   <subfield code="a">Biotic communities </subfield>
  </datafield>
  <datafield tag="650" ind1="0" ind2="0">
   <subfield code="a">Ocean bottom ecology </subfield>
  </datafield>
  <datafield tag="650" ind1="0" ind2="0">
   <subfield code="a">Marine ecology </subfield>
  </datafield>
  <datafield tag="650" ind1="0" ind2="0">
   <subfield code="a">Benthos </subfield>
  </datafield>
  <datafield tag="650" ind1="0" ind2="0">
   <subfield code="a">Deep-sea ecology </subfield>
  </datafield>
  <datafield tag="700" ind1="1" ind2="#">
   <subfield code="a">Riosmena-Rodriguez, Rafael </subfield>
  </datafield>
  <datafield tag="830" ind1="#" ind2="0">
   <subfield code="a">Marine biology</subfield>
  </datafield>
  <datafield tag="999" ind1=" " ind2=" ">
   <subfield code="a">1100109387</subfield>
   <subfield code="b">Book</subfield>
   <subfield code="c">Open Shelf</subfield>
   <subfield code="e">KOLEKSI TERBUKA</subfield>
  </datafield>
 </record>
</collection>
